000
00263nam a2200097Ia 4500
082
_a
J 523.2 BALL
245
0
_a
Earth and the solar system
100
_a
BALLARD, Carol Oxford, 2009
_9
85320
942
_c
BK
008
210817s9999 xx 000 0 und d
999
_c
381000
_d
380999